<?xml version="1.0" encoding="UTF-8"?>
<record
    xmlns:xsi="http://www.w3.org/2001/XMLSchema-instance"
    xsi:schemaLocation="http://www.loc.gov/MARC21/slim http://www.loc.gov/standards/marcxml/schema/MARC21slim.xsd"
    xmlns="http://www.loc.gov/MARC21/slim">

  <leader>03078aam a2200385 i 4500</leader>
  <controlfield tag="001">1069510</controlfield>
  <controlfield tag="003">CO-MdUADB</controlfield>
  <controlfield tag="005">20260507082610.0</controlfield>
  <controlfield tag="007">ta</controlfield>
  <controlfield tag="008">080226s2007    ck a   gr          dspa d</controlfield>
  <datafield tag="020" ind1=" " ind2=" ">
    <subfield code="a">9789589816738</subfield>
  </datafield>
  <datafield tag="035" ind1=" " ind2=" ">
    <subfield code="a">1069510</subfield>
  </datafield>
  <datafield tag="035" ind1=" " ind2=" ">
    <subfield code="a">(OCoLC)777685806</subfield>
  </datafield>
  <datafield tag="040" ind1=" " ind2=" ">
    <subfield code="a">CO-MdUADB</subfield>
    <subfield code="b">spa</subfield>
    <subfield code="c">CO-MdUADB</subfield>
    <subfield code="e">rda</subfield>
  </datafield>
  <datafield tag="041" ind1="0" ind2=" ">
    <subfield code="a">spa</subfield>
  </datafield>
  <datafield tag="080" ind1=" " ind2=" ">
    <subfield code="a">N</subfield>
  </datafield>
  <datafield tag="082" ind1="7" ind2="4">
    <subfield code="a">303</subfield>
  </datafield>
  <datafield tag="100" ind1="1" ind2="0">
    <subfield code="a">Restrepo Parra, Adri&#xE1;n Ra&#xFA;l</subfield>
    <subfield code="0">(orcid)0000-0002-0970-1028</subfield>
    <subfield code="e">aut</subfield>
    <subfield code="9">550008</subfield>
  </datafield>
  <datafield tag="245" ind1="1" ind2="3">
    <subfield code="a">J&#xF3;venes y antimilitarismo en Medell&#xED;n</subfield>
  </datafield>
  <datafield tag="264" ind1="3" ind2="1">
    <subfield code="a">Medell&#xED;n :</subfield>
    <subfield code="b">La Carreta Editores,</subfield>
    <subfield code="c">2007.</subfield>
  </datafield>
  <datafield tag="300" ind1=" " ind2=" ">
    <subfield code="a">191 p&#xE1;ginas :</subfield>
    <subfield code="b">ilustraciones</subfield>
  </datafield>
  <datafield tag="336" ind1=" " ind2=" ">
    <subfield code="2">rdacontent</subfield>
    <subfield code="a">texto</subfield>
    <subfield code="b">txt</subfield>
  </datafield>
  <datafield tag="337" ind1=" " ind2=" ">
    <subfield code="a">no mediado</subfield>
  </datafield>
  <datafield tag="338" ind1=" " ind2=" ">
    <subfield code="a">volumen</subfield>
  </datafield>
  <datafield tag="490" ind1="1" ind2=" ">
    <subfield code="a">Colecci&#xF3;n Ojo de Agua</subfield>
  </datafield>
  <datafield tag="500" ind1=" " ind2=" ">
    <subfield code="a">GENERAL: Incluye bibliograf&#xED;a.</subfield>
  </datafield>
  <datafield tag="505" ind1="2" ind2="0">
    <subfield code="a">    </subfield>
    <subfield code="g">CAP&#xCD;TULO 1: LA NOVIOLENCIA ACTIVA. --</subfield>
    <subfield code="t">1.1: G&#xE9;nesis hist&#xF3;rica: autores y actores. --</subfield>
    <subfield code="t">1.2: La no violencia y la noviolencia. M&#xE1;s all&#xE1; del juego de palabras. --</subfield>
    <subfield code="t">1.3: La noviolencia, el antimilitarismo y la objeci&#xF3;n de conciencia. --</subfield>
    <subfield code="g">CAP&#xCD;TULO 2: EL MODELO POL&#xCD;TICO DE LA NOVIOLENCIA ACTIVA. --</subfield>
    <subfield code="t">2.1: La noviolencia como acci&#xF3;n p&#xFA;blica. -- </subfield>
    <subfield code="t">2.2: La ciudadan&#xED;a: la responsable de la acci&#xF3;n p&#xFA;blica. --</subfield>
    <subfield code="t">2.3: El ciudadano noviolento. -- </subfield>
    <subfield code="g">CAP&#xCD;TULO 3: LOS J&#xD3;VENES NOVIOLENTOS Y ANTIMILITARISTAS EN UNA CIUDAD DE FUEGO CRUZADO. --</subfield>
    <subfield code="t">3.1: La noviolencia: entre las din&#xE1;micas de guerra y paz. -- </subfield>
    <subfield code="t">3.2: J&#xF3;venes noviolentos y objeci&#xF3;n de conciencia en Colombia. -- </subfield>
    <subfield code="t">3.3: Red juvenil: objeci&#xF3;n de conciencia, antimilitarismo y noviolencia Medell&#xED;n. -- </subfield>
    <subfield code="g">CAP&#xCD;TULO 4. LOS CIUDADANOS NOVIOLENTOS ART&#xCD;FICES DE LA SOCIEDAD ANTIMILITAR. --</subfield>
    <subfield code="t">4.1: Los j&#xF3;venes noviolentos: la opci&#xF3;n pragm&#xE1;tica por la noviolencia. -- </subfield>
    <subfield code="t">4.2: La pol&#xED;tica: el compromiso colectivo. --</subfield>
    <subfield code="t">4.3: J&#xF3;venes noviolentos en contenci&#xF3;n del Estado. -- </subfield>
    <subfield code="t">4.4: El ciudadano virtuoso: el noviolento. -- </subfield>
    <subfield code="t">4.5: Hacia una sociedad antimilitar. </subfield>
  </datafield>
  <datafield tag="520" ind1="3" ind2=" ">
    <subfield code="a">En este libro, los lectores encontrar&#xE1;n referencias b&#xE1;sicas sobre las formas de acci&#xF3;n y organizaci&#xF3;n del movimiento de la no violencia en Medell&#xED;n y, fundamentalmente, una exposici&#xF3;n cuidados de los usos y el papel que desempe&#xF1;an las nociones de Estado, ciudadan&#xED;a y pol&#xED;tica de la configuraci&#xF3;n de la acci&#xF3;n desplegada por ese movimiento en la ciudad. El texto j&#xF3;venes y antimilitarismo en Medell&#xED;n, abandona ciertas referencias comunes, recupera algunos conceptos cl&#xE1;sicos de la teor&#xED;a pol&#xED;tica y coloca la mirada en el an&#xE1;lisis de los contenidos que adquieren los conceptos de Estado, ciudadan&#xED;a y pol&#xED;tica en el contexto espec&#xED;fico de las pr&#xE1;cticas, acciones y discursos que dan forma al movimiento antimilitarista en Medell&#xED;n, Este es, posiblemente, su mayor m&#xE9;rito. (Tomado de la cubierta).</subfield>
  </datafield>
  <datafield tag="650" ind1=" " ind2="7">
    <subfield code="a">No-violencia</subfield>
    <subfield code="2">lemb</subfield>
    <subfield code="9">97992</subfield>
  </datafield>
  <datafield tag="650" ind1=" " ind2="4">
    <subfield code="a">Militarismo</subfield>
    <subfield code="9">1140</subfield>
  </datafield>
  <datafield tag="650" ind1=" " ind2="7">
    <subfield code="a">Participaci&#xF3;n juvenil</subfield>
    <subfield code="2">lemb</subfield>
    <subfield code="9">7461</subfield>
  </datafield>
  <datafield tag="700" ind1="1" ind2=" ">
    <subfield code="a">Hurtado Orozco, C&#xE9;sar A.</subfield>
    <subfield code="e">edt</subfield>
    <subfield code="9">446370</subfield>
  </datafield>
  <datafield tag="830" ind1=" " ind2="0">
    <subfield code="9">855816</subfield>
    <subfield code="a">Colecci&#xF3;n Ojo de Agua</subfield>
  </datafield>
  <datafield tag="942" ind1=" " ind2=" ">
    <subfield code="c">BOOK</subfield>
    <subfield code="2">ddc</subfield>
  </datafield>
  <datafield tag="999" ind1=" " ind2=" ">
    <subfield code="c">445955</subfield>
    <subfield code="d">445955</subfield>
  </datafield>
  <datafield tag="952" ind1=" " ind2=" ">
    <subfield code="0">0</subfield>
    <subfield code="1">0</subfield>
    <subfield code="4">0</subfield>
    <subfield code="7">0</subfield>
    <subfield code="8">ANTIOQUIA</subfield>
    <subfield code="a">BC</subfield>
    <subfield code="b">BC</subfield>
    <subfield code="d">2008-03-10</subfield>
    <subfield code="e">Material adquirido por donaci&#xF3;n</subfield>
    <subfield code="i">C992331</subfield>
    <subfield code="l">0</subfield>
    <subfield code="o">303.66 R436</subfield>
    <subfield code="p">0724259</subfield>
    <subfield code="r">2023-04-27 00:00:00</subfield>
    <subfield code="t">1</subfield>
    <subfield code="w">2023-04-27</subfield>
    <subfield code="y">BOOKI</subfield>
  </datafield>
  <datafield tag="952" ind1=" " ind2=" ">
    <subfield code="0">0</subfield>
    <subfield code="1">0</subfield>
    <subfield code="4">0</subfield>
    <subfield code="7">0</subfield>
    <subfield code="8">GEN</subfield>
    <subfield code="a">BC</subfield>
    <subfield code="b">BC</subfield>
    <subfield code="d">2013-04-17</subfield>
    <subfield code="e">Comprado con Bono</subfield>
    <subfield code="g">18400.00</subfield>
    <subfield code="i">C1172614</subfield>
    <subfield code="l">1</subfield>
    <subfield code="o">303.66 R436 e3</subfield>
    <subfield code="p">81661</subfield>
    <subfield code="r">2024-05-08 00:00:00</subfield>
    <subfield code="s">2024-04-03</subfield>
    <subfield code="t">2</subfield>
    <subfield code="w">2023-04-27</subfield>
    <subfield code="y">BOOK</subfield>
  </datafield>
  <datafield tag="952" ind1=" " ind2=" ">
    <subfield code="0">0</subfield>
    <subfield code="1">0</subfield>
    <subfield code="4">0</subfield>
    <subfield code="7">0</subfield>
    <subfield code="8">GEN</subfield>
    <subfield code="a">BC</subfield>
    <subfield code="b">BC</subfield>
    <subfield code="d">2008-11-20</subfield>
    <subfield code="e">CIS (Corporacion Interuniversitaria de Servicios)</subfield>
    <subfield code="g">17000.00</subfield>
    <subfield code="i">C1026050</subfield>
    <subfield code="l">0</subfield>
    <subfield code="o">303.66 R436 e2</subfield>
    <subfield code="p">0685237</subfield>
    <subfield code="r">2023-04-27 00:00:00</subfield>
    <subfield code="t">3</subfield>
    <subfield code="w">2023-04-27</subfield>
    <subfield code="y">BOOK</subfield>
  </datafield>
  <datafield tag="952" ind1=" " ind2=" ">
    <subfield code="0">0</subfield>
    <subfield code="1">0</subfield>
    <subfield code="4">0</subfield>
    <subfield code="7">0</subfield>
    <subfield code="8">RESERVA</subfield>
    <subfield code="a">IEP</subfield>
    <subfield code="b">IEP</subfield>
    <subfield code="d">2008-02-26</subfield>
    <subfield code="e">Material adquirido por donaci&#xF3;n</subfield>
    <subfield code="i">C990332</subfield>
    <subfield code="l">0</subfield>
    <subfield code="o">N00369 Ej.1</subfield>
    <subfield code="p">0604528</subfield>
    <subfield code="r">2023-04-27 00:00:00</subfield>
    <subfield code="t">4</subfield>
    <subfield code="w">2023-04-27</subfield>
    <subfield code="y">BOOKI</subfield>
  </datafield>
  <datafield tag="952" ind1=" " ind2=" ">
    <subfield code="0">0</subfield>
    <subfield code="1">0</subfield>
    <subfield code="4">0</subfield>
    <subfield code="7">0</subfield>
    <subfield code="8">GENERAL</subfield>
    <subfield code="a">IEP</subfield>
    <subfield code="b">IEP</subfield>
    <subfield code="d">2008-02-26</subfield>
    <subfield code="e">Material adquirido por donaci&#xF3;n</subfield>
    <subfield code="i">C990333</subfield>
    <subfield code="l">0</subfield>
    <subfield code="o">N00369 Ej.2</subfield>
    <subfield code="p">0604529</subfield>
    <subfield code="r">2023-04-27 00:00:00</subfield>
    <subfield code="t">5</subfield>
    <subfield code="w">2023-04-27</subfield>
    <subfield code="y">BOOK</subfield>
  </datafield>
  <datafield tag="952" ind1=" " ind2=" ">
    <subfield code="0">0</subfield>
    <subfield code="1">0</subfield>
    <subfield code="4">0</subfield>
    <subfield code="7">0</subfield>
    <subfield code="8">GENERAL</subfield>
    <subfield code="a">BSP</subfield>
    <subfield code="b">BSP</subfield>
    <subfield code="d">2019-06-21</subfield>
    <subfield code="e">Material adquirido por donaci&#xF3;n</subfield>
    <subfield code="i">C1315909</subfield>
    <subfield code="l">0</subfield>
    <subfield code="o">HM1281 R4-07</subfield>
    <subfield code="p">1026329</subfield>
    <subfield code="r">2023-04-27 00:00:00</subfield>
    <subfield code="t">6</subfield>
    <subfield code="w">2023-04-27</subfield>
    <subfield code="y">BOOK</subfield>
  </datafield>
</record>
